Cricket: Fastest Individual Test Hundreds - Statistics

General Stats
  • This quiz has been taken 35 times
  • The average score is 13 of 22
Answer Stats
For Against Year Final Score Balls for Century Answer % Correct
NZ AUS 2016 145 54 Brendon McCullum
90%
NZ SL 2014 195 74 Brendon McCullum
90%
NZ PAK 2014 202 78 Brendon McCullum
90%
WI AUS 2009 102 70 Chris Gayle
90%
AUS IND 2012 180 69 David Warner
77%
AUS PAK 2017 113 78 David Warner
77%
WI ENG 1986 110* 56 Sir Viv Richards
77%
AUS ENG 2006 102* 57 Adam Gilchrist
70%
WI PAK 2006 216 77 Brian Lara
70%
IND SL 1986 163 74 Kapil Dev
63%
PAK WI 2005 122 78 Shahid Afridi
60%
PAK IND 2006 103 78 Shahid Afridi
60%
IND WI 2006 180 78 Virender Sehwag
60%
SA IND 2010 129 75 AB de Villiers
57%
PAK AUS 2014 101* 56 Misbah-ul-Haq
57%
PAK NZ 1976 112 74 Majid Khan
50%
WI AUS 2003 100 69 Shivnarine Chanderpaul
43%
IND SA 1996 109 74 Mohammad Azharuddin
37%
NZ WI 2017 105 71 Colin de Grandhomme
30%
WI AUS 1975 169 71 Roy Fredericks
13%
AUS SA 1921 119 67 John Gregory
10%
ENG AUS 1902 104 76 Gilbert Jessop
7%
No matching quizzes found
Score Distribution
Percent of People with Each Score
Percentile by Number Answered
Your Score History
You have not taken this quiz